[Event "Seville op 42nd"]
[Site "Seville"]
[Date "2017.01.13"]
[Round "1"]
[White "Deepan Chakkravarthy, J."]
[Black "Buet, Samuel"]
[Result "1-0"]
[WhiteElo "2485"]
[BlackElo "1831"]
[PlyCount "51"]
[EventDate "2017.01.13"]
[EventType "swiss"]
[EventRounds "9"]
[EventCountry "ESP"]
[SourceTitle "EXT 2019"]
[Source "ChessBase"]
[SourceDate "2018.10.10"]
[SourceVersion "1"]
[SourceVersionDate "2018.10.10"]
[SourceQuality "1"]

1. Nf3 Nf6 2. g3 g6 3. Bg2 Bg7 4. 0-0 0-0 5. d4 d5 6. c4 c6 7. Qb3 Nbd7 8. Nc3 Nb6 9. cxd5 cxd5 10. Ne5 e6 11. Bg5 h6 12. Bxf6 Bxf6 13. e4 dxe4 14. Nxe4 Bg7 15. Rad1 Nd5 16. Nc3 Nb6 17. Rfe1 Rb8 18. a4 Nd7 19. Nc4 Nf6 20. d5 exd5 21. Nxd5 Nxd5 22. Bxd5 Qf6 23. Ne5 Be6 24. Bxe6 fxe6 25. f4 Rbd8 26. Nd7 1-0

[Event "ESP-ch 77th"]
[Site "San Agustin"]
[Date "2012.10.04"]
[Round "6"]
[White "Bordon Sanchez, Jose Domingo"]
[Black "Buet, Samuel"]
[Result "0-1"]
[WhiteElo "1473"]
[BlackElo "1845"]
[PlyCount "59"]
[EventDate "2012.09.29"]
[EventType "swiss"]
[EventRounds "9"]
[EventCountry "ESP"]
[SourceTitle "EXT 2014"]
[Source "ChessBase"]
[SourceDate "2013.11.20"]
[SourceVersion "1"]
[SourceVersionDate "2013.11.20"]
[SourceQuality "1"]

1. e4 c5 2. Nf3 d6 3. d4 cxd4 4. Nxd4 Nf6 5. Nc3 g6 6. Bg5 Bg7 7. Bd3 0-0 8. 0-0 Nc6 9. Nf3 Qb6 10. Rb1 Be6 11. b3 Rac8 12. Ne2 Nb4 13. a4 Nxd3 14. Qxd3 h6 15. Bh4 Rc5 16. Nf4 Bg4 17. Bxf6 exf6 18. Nd5 Qd8 19. c4 Be6 20. Rfe1 Bxd5 21. exd5 f5 22. Re3 Rc7 23. Rbe1 Bf6 24. Nd4 a6 25. Nxf5 gxf5 26. Rg3+ Bg7 27. Qxf5 Re8 28. Rxg7+ Kxg7 29. Rxe8 Qxe8 30. Qg4+ 0-1

[Event "ESP-ch 77th"]
[Site "San Agustin"]
[Date "2012.09.30"]
[Round "2"]
[White "Buet, Samuel"]
[Black "Haarkotter Martin, Michael"]
[Result "1-0"]
[WhiteElo "1845"]
[BlackElo "1430"]
[PlyCount "67"]
[EventDate "2012.09.29"]
[EventType "swiss"]
[EventRounds "9"]
[EventCountry "ESP"]
[SourceTitle "EXT 2014"]
[Source "ChessBase"]
[SourceDate "2013.11.20"]
[SourceVersion "1"]
[SourceVersionDate "2013.11.20"]
[SourceQuality "1"]

1. c4 e5 2. g3 d6 3. Bg2 Nf6 4. Nc3 Be7 5. e4 c6 6. Nge2 Nbd7 7. 0-0 0-0 8. d3 Nc5 9. f4 exf4 10. Nxf4 Ne6 11. Be3 Nxf4 12. Rxf4 Ne8 13. Qd2 f5 14. Raf1 fxe4 15. Rxf8+ Bxf8 16. Bxe4 Nf6 17. Bg5 Be7 18. Qf2 Be6 19. Bg2 Qf8 20. Re1 Bf7 21. Qd2 Re8 22. a4 d5 23. Bxf6 Bxf6 24. Rxe8 Bxe8 25. cxd5 Qc5+ 26. Kh1 Bxc3 27. Qxc3 Qd6 28. dxc6 Bxc6 29. Qc4+ Kf8 30. Bxc6 Qxc6+ 31. Qxc6 bxc6 32. Kg2 Ke7 33. Kf3 Ke6 34. Ke4 1-0

[Event "Las Palmas Insular-chT Pref-A"]
[Site "Las Palmas"]
[Date "2011.04.30"]
[Round "14.3"]
[White "Buet, Samuel"]
[Black "Santiago Llanes, Jose Juan"]
[Result "1-0"]
[WhiteElo "1858"]
[BlackElo "1778"]
[PlyCount "71"]
[EventDate "2011.01.15"]
[EventType "team-tourn"]
[EventRounds "14"]
[EventCountry "ESP"]
[SourceTitle "EXT 2012"]
[Source "ChessBase"]
[SourceDate "2011.11.24"]
[SourceVersion "1"]
[SourceVersionDate "2011.11.24"]
[SourceQuality "1"]
[WhiteTeam "Real Club Victoria II"]
[BlackTeam "Telde Los Llanos II"]
[WhiteTeamCountry "ESP"]
[BlackTeamCountry "ESP"]

1. Nf3 d5 2. b3 Nf6 3. Bb2 Bf5 4. e3 Nbd7 5. Be2 e6 6. Nh4 Bg6 7. d3 Bd6 8. Nd2 c6 9. h3 Qc7 10. a3 e5 11. c4 0-0 12. cxd5 cxd5 13. Rc1 Qd8 14. 0-0 Qe7 15. Nb1 Rac8 16. Rxc8 Rxc8 17. Nxg6 hxg6 18. Qd2 e4 19. dxe4 dxe4 20. Rd1 Bb8 21. a4 Be5 22. Ba3 Qe6 23. Bc4 Rxc4 24. bxc4 Qxc4 25. Qb4 Qxb4 26. Bxb4 Nb6 27. Rd8+ Kh7 28. Bc3 Bc7 29. Rf8 Nfd5 30. Rxf7 Nxc3 31. Nxc3 Be5 32. Nxe4 Nxa4 33. Rxb7 a5 34. Rb5 Bc7 35. Kf1 Kg8 36. Rb7 1-0

[Event "Las Palmas Insular-chT Pref-A"]
[Site "Las Palmas"]
[Date "2011.02.26"]
[Round "7.4"]
[White "Buet, Samuel"]
[Black "Mena Trujillo, Yeray"]
[Result "1-0"]
[WhiteElo "1858"]
[BlackElo "1776"]
[PlyCount "57"]
[EventDate "2011.01.15"]
[EventType "team-tourn"]
[EventRounds "14"]
[EventCountry "ESP"]
[SourceTitle "EXT 2012"]
[Source "ChessBase"]
[SourceDate "2011.11.24"]
[SourceVersion "1"]
[SourceVersionDate "2011.11.24"]
[SourceQuality "1"]
[WhiteTeam "Real Club Victoria II"]
[BlackTeam "Telde Los Llanos II"]
[WhiteTeamCountry "ESP"]
[BlackTeamCountry "ESP"]

1. Nf3 Nf6 2. b3 d5 3. Bb2 e6 4. d3 b6 5. Nbd2 Bb7 6. g3 c5 7. Bg2 Nc6 8. 0-0 Be7 9. Ne1 0-0 10. e4 d4 11. f4 Nd7 12. g4 f5 13. gxf5 exf5 14. e5 Qe8 15. Bd5+ Kh8 16. Qf3 Ncxe5 17. fxe5 Nxe5 18. Qg2 Rf6 19. Bxb7 Rg6 20. Bxa8 Qxa8 21. Rxf5 Rxg2+ 22. Nxg2 Bf6 23. Ne4 Qb8 24. Nxf6 gxf6 25. Rxf6 Ng4 26. Rf4 Ne5 27. Raf1 Ng6 28. Rf7 a5 29. Bc1 1-0

[Event "Mem Pedro Lezca 4th"]
[Site "Gran Canaria"]
[Date "2011.02.08"]
[Round "3"]
[White "Buet, Samuel"]
[Black "Arroyo Palacios, Jose Maria"]
[Result "1/2-1/2"]
[WhiteElo "1858"]
[BlackElo "1711"]
[PlyCount "80"]
[EventDate "2011.02.01"]
[EventType "swiss"]
[EventRounds "6"]
[EventCountry "ESP"]
[SourceTitle "EXT 2024"]
[Source "ChessBase"]
[SourceDate "2023.10.10"]
[SourceVersion "1"]
[SourceVersionDate "2023.10.10"]
[SourceQuality "1"]

1. Nf3 f5 2. b3 d6 3. Bb2 Nf6 4. d3 e5 5. Nbd2 Be7 6. e4 Nc6 7. a3 0-0 8. Qe2 fxe4 9. Nxe4 Bg4 10. 0-0-0 Nd4 11. Nxf6+ Bxf6 12. Bxd4 exd4 13. h4 Qd7 14. Qd2 Bxf3 15. gxf3 Be5 16. Qa5 c6 17. Bh3 Qf7 18. Bg2 b6 19. Qb4 b5 20. Kb1 a5 21. Qe1 a4 22. b4 Bf4 23. Bh3 Rfe8 24. Qf1 c5 25. Re1 cxb4 26. Re4 b3 27. Qe2 bxc2+ 28. Qxc2 Re5 29. Qc6 Qb3+ 30. Ka1 Qxa3+ 31. Kb1 Qxd3+ 32. Ka1 Qa3+ 33. Kb1 Qb3+ 34. Ka1 Rae8 35. Rxe5 Rxe5 36. Qc8+ Kf7 37. Qd7+ Kf6 38. Qxd6+ Kf7 39. Qd7+ Kf8 40. Qd6+ Kf7 1/2-1/2

[Event "Las Palmas Insular-chT Pref-A"]
[Site "Las Palmas"]
[Date "2011.01.29"]
[Round "3.4"]
[White "Buet, Samuel"]
[Black "Fernandez de la Hoz A, Carlos"]
[Result "0-1"]
[WhiteElo "1858"]
[BlackElo "1881"]
[PlyCount "80"]
[EventDate "2011.01.15"]
[EventType "team-tourn"]
[EventRounds "14"]
[EventCountry "ESP"]
[SourceTitle "EXT 2012"]
[Source "ChessBase"]
[SourceDate "2011.11.24"]
[SourceVersion "1"]
[SourceVersionDate "2011.11.24"]
[SourceQuality "1"]
[WhiteTeam "Real Club Victoria II"]
[BlackTeam "Casa Museo El Patio"]
[WhiteTeamCountry "ESP"]
[BlackTeamCountry "ESP"]

1. Nf3 Nf6 2. b3 g6 3. Bb2 Bg7 4. e3 d6 5. Be2 c5 6. 0-0 0-0 7. d3 Nc6 8. a3 Rb8 9. Nbd2 b6 10. Rb1 Bb7 11. Ng5 e6 12. f4 Nd5 13. Rf3 Nc3 14. Bxc3 Bxc3 15. Rh3 Bc8 16. Nde4 Bg7 17. Nxh7 e5 18. g4 exf4 19. Nxf8 Kxf8 20. exf4 d5 21. Ng5 Bd4+ 22. Kh1 Qd6 23. Qf1 Bf6 24. Nh7+ Kg7 25. Nxf6 Qxf6 26. g5 Qc3 27. Re3 Qxc2 28. Re1 Qxb3 29. Qf2 Bf5 30. Qh4 Rh8 31. Qg3 d4 32. Bd1 Qxa3 33. Rf3 Nb4 34. Be2 Nd5 35. Bf1 Ne3 36. Rfxe3 dxe3 37. Qxe3 Qb2 38. h3 a5 39. Qe7 Bxh3 40. Kg1 Bxf1 0-1

[Event "Galdar op 2nd"]
[Site "Galdar"]
[Date "2010.11.21"]
[Round "9"]
[White "Alonso Valiente, Alexis"]
[Black "Buet, Samuel"]
[Result "1-0"]
[WhiteElo "2015"]
[BlackElo "1845"]
[PlyCount "62"]
[EventDate "2010.11.13"]
[EventType "swiss"]
[EventRounds "9"]
[EventCountry "ESP"]
[SourceTitle "CBM 139 Extra"]
[Source "ChessBase"]
[SourceDate "2011.01.05"]
[SourceVersion "1"]
[SourceVersionDate "2011.01.05"]
[SourceQuality "1"]

1. d4 c5 2. c3 cxd4 3. cxd4 Nf6 4. Nf3 e6 5. Bf4 Bb4+ 6. Nbd2 Nc6 7. a3 Be7 8. e3 0-0 9. h3 d5 10. Bd3 Bd7 11. 0-0 Rc8 12. Rc1 Qb6 13. b4 a5 14. b5 Na7 15. a4 Rxc1 16. Qxc1 Rc8 17. Qb1 Bb4 18. Nb3 Qd8 19. Ne5 b6 20. Bg5 h6 21. Bh4 Rc7 22. Ng4 Be7 23. Nxf6+ Bxf6 24. Bxf6 Qxf6 25. Nxa5 bxa5 26. b6 Rc8 27. bxa7 Qd8 28. Bb5 Bxb5 29. Qxb5 Ra8 30. Qb7 Qc8 31. Qxc8+ Rxc8 1-0

[Event "Canarias-ch"]
[Site "Vecindario"]
[Date "2010.06.12"]
[Round "3"]
[White "Capote Robayna, Nathaniel"]
[Black "Buet, Samuel"]
[Result "1-0"]
[WhiteElo "1943"]
[BlackElo "1878"]
[PlyCount "64"]
[EventDate "2010.06.10"]
[EventType "swiss"]
[EventRounds "5"]
[EventCountry "ESP"]
[SourceTitle "EXT 2012"]
[Source "ChessBase"]
[SourceDate "2011.11.24"]
[SourceVersion "1"]
[SourceVersionDate "2011.11.24"]
[SourceQuality "1"]

1. d4 Nf6 2. c4 c5 3. d5 e5 4. Nc3 d6 5. e4 Be7 6. g3 0-0 7. Bg2 Nbd7 8. Nge2 Ne8 9. 0-0 f5 10. exf5 Nb6 11. b3 Bxf5 12. Ne4 Nd7 13. N2c3 a6 14. Qe2 Nc7 15. h4 h6 16. g4 Bg6 17. g5 Kh7 18. gxh6 gxh6 19. Qe3 Rf4 20. h5 Bxh5 21. Qd3 Kh8 22. Bxf4 exf4 23. Qh3 Qe8 24. Rfe1 Ne5 25. f3 Qg6 26. Kh1 Rg8 27. Re2 b5 28. Nxc5 dxc5 29. Rxe5 Bh4 30. Rg1 Bg5 31. Ne4 bxc4 32. bxc4 Ne8 1-0

[Event "Arucas op 6th"]
[Site "Arucas"]
[Date "2010.06.09"]
[Round "3"]
[White "Buet, Samuel"]
[Black "Perez Guerra, Bruno"]
[Result "1-0"]
[WhiteElo "1349"]
[BlackElo "1306"]
[PlyCount "47"]
[EventDate "2010.06.02"]
[EventType "swiss"]
[EventRounds "5"]
[EventCountry "ESP"]
[SourceTitle "EXT 2024"]
[Source "ChessBase"]
[SourceDate "2023.10.10"]
[SourceVersion "1"]
[SourceVersionDate "2023.10.10"]
[SourceQuality "1"]

1. Nf3 Nf6 2. e3 d5 3. b3 Bg4 4. Bb2 e6 5. Be2 Bxf3 6. Bxf3 c6 7. d3 Nbd7 8. Nd2 Bb4 9. a3 Bd6 10. e4 Be5 11. d4 Bf4 12. e5 Ng8 13. g3 Bg5 14. Bg2 Bxd2+ 15. Qxd2 Ne7 16. 0-0 Qb6 17. a4 0-0-0 18. a5 Qc7 19. Ba3 Ng6 20. Bd6 Qxd6 21. exd6 Nf6 22. c4 Rxd6 23. c5 Rdd8 24. a6 1-0

[Event "Las Palmas Verano op"]
[Site "Las Palmas"]
[Date "2009.06.09"]
[Round "6"]
[White "Buet, Samuel"]
[Black "Ortiz Perez, Hector"]
[Result "0-1"]
[WhiteElo "1878"]
[BlackElo "1999"]
[PlyCount "64"]
[EventDate "2009.06.02"]
[EventType "swiss"]
[EventRounds "7"]
[EventCountry "ESP"]
[SourceTitle "EXT 2011"]
[Source "ChessBase"]
[SourceDate "2010.11.26"]
[SourceVersion "1"]
[SourceVersionDate "2010.11.26"]
[SourceQuality "1"]

1. e4 g6 2. Nf3 Bg7 3. d4 d6 4. h3 Nc6 5. Be3 e5 6. Bb5 Bd7 7. Nc3 exd4 8. Nxd4 Ne5 9. Qe2 a6 10. Bxd7+ Qxd7 11. f4 Nc6 12. 0-0-0 Nge7 13. g4 0-0-0 14. e5 Nxd4 15. Rxd4 Qc6 16. Re1 dxe5 17. Rc4 Qe6 18. fxe5 Nd5 19. Nxd5 Rxd5 20. Bf4 Re8 21. Re4 Ra5 22. a3 Qa2 23. c4 Rc5 24. Rd1 b5 25. Rdd4 Re6 26. Qd3 Rec6 27. Rd8+ Kb7 28. Rdd4 bxc4 29. Qc3 Qb3 30. Bd2 Bxe5 31. Rxe5 Rxe5 32. Qf3 Qxf3 0-1

[Event "Las Palmas Verano op"]
[Site "Las Palmas"]
[Date "2009.06.08"]
[Round "5"]
[White "Robaina Bordon, Hector"]
[Black "Buet, Samuel"]
[Result "0-1"]
[WhiteElo "1719"]
[BlackElo "1878"]
[PlyCount "98"]
[EventDate "2009.06.02"]
[EventType "swiss"]
[EventRounds "7"]
[EventCountry "ESP"]
[SourceTitle "EXT 2011"]
[Source "ChessBase"]
[SourceDate "2010.11.26"]
[SourceVersion "1"]
[SourceVersionDate "2010.11.26"]
[SourceQuality "1"]

1. e4 c5 2. Nc3 Nc6 3. g3 g6 4. Bg2 Bg7 5. d3 d6 6. Nge2 Rb8 7. a4 a6 8. Be3 b5 9. axb5 axb5 10. Qd2 Nd4 11. 0-0 b4 12. Nd1 Nxe2+ 13. Qxe2 Nf6 14. h3 0-0 15. f4 Nh5 16. Qf3 f5 17. g4 fxe4 18. dxe4 Nf6 19. Qg3 Qc7 20. Bf3 Bb7 21. Qg2 Nd7 22. h4 Kh8 23. c3 Bc6 24. cxb4 Rxb4 25. Bd2 Bd4+ 26. Kh2 Rbb8 27. Be2 Nf6 28. Bd3 e5 29. fxe5 Bxe5+ 30. Kh1 d5 31. Nc3 dxe4 32. Nxe4 Rxb2 33. g5 Rxd2 34. Qxd2 Rd8 35. Qe3 Rxd3 36. Qxd3 Bxe4+ 37. Qxe4 Nxe4 38. Rf8+ Kg7 39. Raa8 Ng3+ 40. Kg1 Qb7 41. Rg8+ Kf7 42. Raf8+ Ke6 43. Re8+ Kf5 44. Rgf8+ Ke4 45. Kg2 Ke3+ 46. Kh3 Qd7+ 47. Kg2 Qd5+ 48. Kh3 Nf5 49. Rxe5+ Qxe5 0-1

[Event "Telde IRT"]
[Site "Telde"]
[Date "2009.02.24"]
[Round "8"]
[White "Buet, Samuel"]
[Black "Santana Montero, Pedro Luis"]
[Result "0-1"]
[WhiteElo "1898"]
[BlackElo "1959"]
[PlyCount "36"]
[EventDate "2009.02.12"]
[EventType "tourn"]
[EventRounds "9"]
[EventCountry "ESP"]
[SourceTitle "EXT 2011"]
[Source "ChessBase"]
[SourceDate "2010.11.26"]
[SourceVersion "1"]
[SourceVersionDate "2010.11.26"]
[SourceQuality "1"]

1. d4 Nf6 2. Nf3 c5 3. e3 g6 4. Bd3 b6 5. 0-0 Bb7 6. c3 Bg7 7. Nbd2 d5 8. dxc5 bxc5 9. Re1 0-0 10. e4 dxe4 11. Qb3 Bd5 12. c4 exd3 13. cxd5 Nxd5 14. Qxd3 Nc6 15. Nb3 Ndb4 16. Qc4 Qd3 17. Qxc5 Rfd8 18. Bd2 Rd5 0-1